[Event "2. Torneo Campus Ourense 2015"]
[Site "Ourense ESP"]
[Date "2015.07.07"]
[Round "2.10"]
[White "de Sousa da Silva, Armando"]
[Black "Guerra Bastida, Diego"]
[Result "1/2-1/2"]
[WhiteElo "1952"]
[BlackElo "2319"]
[PlyCount "185"]
[EventDate "2015.07.06"]
[EventType "swiss"]
[EventRounds "9"]
[EventCountry "ESP"]
[SourceTitle "Ajedrez en Madrid"]
[Source "lmi"]
[SourceDate "2015.07.06"]
[SourceVersion "1"]
[SourceVersionDate "2019.06.14"]
[SourceQuality "1"]

1. c4 e5 2. g3 Nf6 3. Bg2 c6 4. d4 exd4 5. Qxd4 Na6 6. Nf3 Bc5 7. Qe5+ Be7 8.
a3 Nc5 9. Qc3 O-O 10. O-O a5 11. b3 d5 12. Nbd2 dxc4 13. Qxc4 Be6 14. Qc2 a4
15. bxa4 Qa5 16. Bb2 Qxa4 17. Qc3 Nb3 18. Nxb3 Qxb3 19. Qc1 Qc4 20. Qe1 Qc2 21.
Rb1 c5 22. Bxf6 Bxf6 23. Rxb7 Rxa3 24. Qc1 Ra2 25. Qxc2 Rxc2 26. e3 Rd8 27. Rc7
h6 28. h4 g6 29. Rb1 c4 30. Bf1 c3 31. Bc4 Rb2 32. Rc1 c2 33. Be2 Bf5 34. Kh2
Rb1 35. R1xc2 Bxc2 36. Rxc2 Rb2 37. Rxb2 Bxb2 38. Kg2 Kg7 39. Bc4 Rc8 40. Bd3
Rc3 41. Bb5 Rc1 42. Bd3 Ba3 43. Bb5 Bc5 44. Bd3 Rc3 45. Bb5 f5 46. Be8 Rc2 47.
Kf1 Kf6 48. Ba4 Ra2 49. Bb3 Rb2 50. Bc4 g5 51. hxg5+ hxg5 52. Be2 Bb6 53. Bd3
f4 54. gxf4 gxf4 55. Nd4 Bxd4 56. exd4 Rd2 57. Be4 Rxd4 58. Bc6 Rc4 59. Bd5 Rc2
60. Kg2 Kg5 61. Kf3 Rd2 62. Be4 Rb2 63. Bd5 Kf5 64. Be4+ Ke5 65. Bc6 Rb6 66.
Ba8 Rb3+ 67. Kg4 Rb8 68. Bc6 Rf8 69. Bb7 Rh8 70. Bc6 Rh2 71. Kf3 Rh3+ 72. Kg4
Rh2 73. Kf3 Kf5 74. Bd7+ Kg5 75. Be6 Kf6 76. Bd7 Ke5 77. Bc8 Rh7 78. Bg4 Rc7
79. Bh5 Rc3+ 80. Kg4 Ra3 81. Bg6 Ra6 82. Bd3 Rd6 83. Bh7 Rd7 84. Bb1 Rd1 85.
Bh7 Rd4 86. Bb1 Rc4 87. Bd3 Rc3 88. Bh7 f3 89. Kg3 Rc7 90. Bb1 Rf7 91. Bc2 Rf8
92. Bd1 Ke4 93. Bc2+ 1/2-1/2

[Event "2. Torneo Campus Ourense 2015"]
[Site "Ourense ESP"]
[Date "2015.07.07"]
[Round "3.1"]
[White "Sande Edreira, Jose Antonio"]
[Black "Santos Latasa, Jaime"]
[Result "0-1"]
[WhiteElo "2277"]
[BlackElo "2511"]
[PlyCount "100"]
[EventDate "2015.07.06"]
[EventType "swiss"]
[EventRounds "9"]
[EventCountry "ESP"]
[SourceTitle "Ajedrez en Madrid"]
[Source "lmi"]
[SourceDate "2015.07.06"]
[SourceVersion "1"]
[SourceVersionDate "2019.06.14"]
[SourceQuality "1"]

1. c4 Nf6 2. g3 e6 3. Nf3 d5 4. b3 Be7 5. Bg2 O-O 6. O-O c5 7. e3 Nc6 8. Bb2 d4
9. exd4 cxd4 10. Re1 Ne8 11. Ne5 Nxe5 12. Rxe5 f6 13. Re1 e5 14. f4 Bd6 15. Qh5
g6 16. Qe2 Ng7 17. fxe5 Bxe5 18. Qf2 Rf7 19. Na3 Bf5 20. Rac1 Ne6 21. c5 Rc8
22. b4 Ng5 23. Nb5 Nh3+ 24. Bxh3 Bxh3 25. Nd6 Bxd6 26. cxd6 Rxc1 27. Rxc1 Qxd6
28. Qxd4 Qxd4+ 29. Bxd4 Rd7 30. Be3 a6 31. Kf2 Be6 32. a3 Kf7 33. h4 Bd5 34.
Rc5 Bc6 35. d4 Ke6 36. Ke2 h5 37. Kd3 Bd5 38. Rc8 Kf5 39. Ke2 Kg4 40. Bf4 g5
41. hxg5 fxg5 42. Rc7 Bf3+ 43. Kf2 Rd5 44. Rg7 h4 45. Be5 h3 46. Rh7 Be4 47.
Rh8 Rd7 48. Kg1 Rf7 49. Rg8 h2+ 50. Kxh2 Rf1 0-1

[Event "2. Torneo Campus Ourense 2015"]
[Site "Ourense ESP"]
[Date "2015.07.07"]
[Round "3.2"]
[White "Del Rio De Angelis, Salvador G"]
[Black "Rodriguez Lopez, Rafael"]
[Result "1-0"]
[WhiteElo "2494"]
[BlackElo "2267"]
[PlyCount "49"]
[EventDate "2015.07.06"]
[EventType "swiss"]
[EventRounds "9"]
[EventCountry "ESP"]
[SourceTitle "Ajedrez en Madrid"]
[Source "lmi"]
[SourceDate "2015.07.06"]
[SourceVersion "1"]
[SourceVersionDate "2019.06.14"]
[SourceQuality "1"]

1. d4 Nf6 2. c4 g6 3. Nc3 Bg7 4. e4 d6 5. Nf3 O-O 6. h3 Na6 7. Be3 e5 8. d5 Nh5
9. g3 f5 10. exf5 gxf5 11. Ng5 Qe8 12. Be2 Nf6 13. Qd2 h6 14. Nf3 Kh7 15. O-O-O
Nc5 16. g4 f4 17. Bxc5 dxc5 18. g5 hxg5 19. Nxg5+ Kh6 20. Rdg1 Bf5 21. Bd3 Qd7
22. Ne6 Bxe6 23. Rg6+ Kh5 24. Qe2+ Kh4 25. Qg4+ 1-0

[Event "2. Torneo Campus Ourense 2015"]
[Site "Ourense ESP"]
[Date "2015.07.07"]
[Round "3.3"]
[White "Hoffman, Alejandro"]
[Black "Iwanow, Anna"]
[Result "0-1"]
[WhiteElo "2456"]
[BlackElo "2206"]
[PlyCount "106"]
[EventDate "2015.07.06"]
[EventType "swiss"]
[EventRounds "9"]
[EventCountry "ESP"]
[SourceTitle "Ajedrez en Madrid"]
[Source "lmi"]
[SourceDate "2015.07.06"]
[SourceVersion "1"]
[SourceVersionDate "2019.06.14"]
[SourceQuality "1"]

1. d4 Nf6 2. c4 c5 3. d5 e6 4. Nc3 exd5 5. cxd5 d6 6. Nf3 g6 7. g3 Bg7 8. Bg2
O-O 9. O-O Re8 10. Bf4 Ne4 11. Nxe4 Rxe4 12. Nd2 Rxf4 13. gxf4 Bxb2 14. Rb1 Bg7
15. e4 Na6 16. Re1 Nb4 17. Qb3 a5 18. a3 a4 19. Qc4 b5 20. Qxb5 Nc2 21. e5 Nxa3
22. Qb6 Bf5 23. Qxd8+ Rxd8 24. Ra1 Nc2 25. Nc4 dxe5 26. fxe5 Nxe1 27. Rxe1 Bc2
28. f4 Bh6 29. Na5 Bxf4 30. Nc6 Rd7 31. d6 Kg7 32. Bh3 Bxe5 33. Nxe5 Rxd6 34.
Nc4 Rd4 35. Bf1 Rd1 36. Rxd1 Bxd1 37. Kf2 Kf6 38. Ke3 Ke6 39. Kd2 Bb3 40. Kc3
Bxc4 41. Bxc4+ Ke7 42. Bb5 a3 43. Kb3 f5 44. Kxa3 g5 45. Kb3 Kd6 46. Kc4 h5 47.
Be8 h4 48. Bg6 Ke5 49. Kxc5 g4 50. Be8 Ke4 51. Bc6+ Ke3 52. Kd6 f4 53. Ke5 f3
0-1

[Event "2. Torneo Campus Ourense 2015"]
[Site "Ourense ESP"]
[Date "2015.07.07"]
[Round "3.4"]
[White "Medarde Santiago, Luis Marcos"]
[Black "Lariño Nieto, David"]
[Result "0-1"]
[WhiteElo "2273"]
[BlackElo "2451"]
[PlyCount "96"]
[EventDate "2015.07.06"]
[EventType "swiss"]
[EventRounds "9"]
[EventCountry "ESP"]
[SourceTitle "Ajedrez en Madrid"]
[Source "lmi"]
[SourceDate "2015.07.06"]
[SourceVersion "1"]
[SourceVersionDate "2019.06.14"]
[SourceQuality "1"]

1. e4 g6 2. d4 c6 3. Nc3 d5 4. h3 dxe4 5. Nxe4 Bg7 6. Nf3 Nf6 7. Nxf6+ exf6 8.
Bc4 O-O 9. O-O Na6 10. Re1 Nc7 11. Bb3 b6 12. c4 Bb7 13. Be3 Re8 14. Qd2 Re7
15. Rad1 Rd7 16. Qe2 Qf8 17. Rd3 Re8 18. Red1 Qb4 19. Qd2 Qxd2 20. R3xd2 Red8
21. Kf1 b5 22. d5 cxd5 23. cxd5 Nxd5 24. Bxa7 Bh6 25. Rd4 Be3 26. Rxd5 Bxd5 27.
Rxd5 Bxa7 28. Rxb5 Rc8 29. g3 Rc1+ 30. Kg2 Re7 31. Rd5 Re2 32. Rd2 Rxd2 33.
Nxd2 Bd4 34. Nc4 Re1 35. Kf3 f5 36. Bc2 Rf1 37. Ne3 Rc1 38. Bd3 Bxb2 39. a4 Ra1
40. Bb5 Ra2 41. Bc6 Bd4 42. Bb5 Kg7 43. Bc6 h6 44. Bb5 Kf6 45. Be8 g5 46. Bb5
h5 47. Nd1 g4+ 48. Kg2 Rd2 0-1

[Event "2. Torneo Campus Ourense 2015"]
[Site "Ourense ESP"]
[Date "2015.07.07"]
[Round "3.5"]
[White "Paunovic, Dragan"]
[Black "Lorenzo Duran, Marcos"]
[Result "1/2-1/2"]
[WhiteElo "2451"]
[BlackElo "2170"]
[PlyCount "136"]
[EventDate "2015.07.06"]
[EventType "swiss"]
[EventRounds "9"]
[EventCountry "ESP"]
[SourceTitle "Ajedrez en Madrid"]
[Source "lmi"]
[SourceDate "2015.07.06"]
[SourceVersion "1"]
[SourceVersionDate "2019.06.14"]
[SourceQuality "1"]

1. g3 d5 2. Bg2 c6 3. d3 Bg4 4. h3 Bh5 5. Nf3 Nd7 6. O-O e5 7. c4 dxc4 8. dxc4
Ngf6 9. Nc3 Bc5 10. Na4 Be7 11. Be3 Bxf3 12. exf3 O-O 13. Qb3 Qc7 14. Rfd1 Rfe8
15. h4 a6 16. Rac1 Rad8 17. a3 Bf8 18. Qc2 h6 19. b4 a5 20. Qb3 axb4 21. axb4
Qb8 22. Nc3 Bd6 23. Bh3 Nf8 24. c5 Bc7 25. b5 Rxd1+ 26. Rxd1 Ne6 27. Bxe6 Rxe6
28. b6 Bd8 29. Ne4 Nxe4 30. fxe4 Qc8 31. Qd3 Bf6 32. Qd7 Qxd7 33. Rxd7 Re7 34.
Rd8+ Kh7 35. h5 g6 36. g4 Kg7 37. Kg2 g5 38. Kf3 Re6 39. Rc8 Re7 40. Ke2 Rd7
41. Rc7 Re7 42. Kd3 Kf8 43. Kc4 Ke8 44. Rc8+ Kd7 45. Rb8 Ke6 46. Bd2 Rd7 47.
Bc3 Bd8 48. Kb4 Bf6 49. Re8+ Re7 50. Rb8 Rd7 51. Ka5 Bd8 52. Kb4 Bf6 53. Ka4
Bd8 54. Ka5 Bf6 55. Rxb7 Rxb7 56. Ka6 Re7 57. b7 Re8 58. Ka7 Be7 59. Bb4 Kd7
60. b8=Q Rxb8 61. Kxb8 f6 62. Kb7 Bd8 63. Ka6 Ke8 64. f3 Be7 65. Kb6 Kd7 66.
Ka6 Ke8 67. Kb6 Kd7 68. Ka6 Ke8 1/2-1/2

[Event "2. Torneo Campus Ourense 2015"]
[Site "Ourense ESP"]
[Date "2015.07.07"]
[Round "3.6"]
[White "Rey Malde, Henrique"]
[Black "Almagro Llamas, Pablo"]
[Result "1/2-1/2"]
[WhiteElo "2055"]
[BlackElo "2445"]
[PlyCount "69"]
[EventDate "2015.07.06"]
[EventType "swiss"]
[EventRounds "9"]
[EventCountry "ESP"]
[SourceTitle "Ajedrez en Madrid"]
[Source "lmi"]
[SourceDate "2015.07.06"]
[SourceVersion "1"]
[SourceVersionDate "2019.06.14"]
[SourceQuality "1"]

1. e4 c6 2. Nc3 g6 3. d4 Bg7 4. Nf3 d6 5. h3 Nd7 6. Be3 Qc7 7. a4 Ngf6 8. Bc4
O-O 9. O-O d5 10. exd5 Nb6 11. d6 Qxd6 12. Ba2 Nfd5 13. Nxd5 Nxd5 14. Qd2 Nxe3
15. Qxe3 a5 16. c3 b6 17. Rfe1 e6 18. Ne5 Ra7 19. Rad1 Re7 20. Ng4 c5 21. Qg5
f6 22. Qh4 cxd4 23. Rxd4 Qc7 24. Rc4 Qd8 25. Rd4 Qe8 26. Rd6 Kh8 27. Ne3 e5 28.
Rxb6 Qd8 29. Rb5 Ba6 30. Rd1 Qc7 31. Nd5 Qd8 32. Rb8 Qxb8 33. Nxe7 Qe8 34. Nd5
e4 35. b3 1/2-1/2

[Event "2. Torneo Campus Ourense 2015"]
[Site "Ourense ESP"]
[Date "2015.07.07"]
[Round "3.7"]
[White "Fernandez Borrego, Pablo"]
[Black "Puga Sanchez, Miguel"]
[Result "1-0"]
[WhiteElo "2378"]
[BlackElo "1904"]
[PlyCount "47"]
[EventDate "2015.07.06"]
[EventType "swiss"]
[EventRounds "9"]
[EventCountry "ESP"]
[SourceTitle "Ajedrez en Madrid"]
[Source "lmi"]
[SourceDate "2015.07.06"]
[SourceVersion "1"]
[SourceVersionDate "2019.06.14"]
[SourceQuality "1"]

1. Nf3 Nf6 2. c4 g6 3. g3 Bg7 4. Bg2 O-O 5. O-O d5 6. cxd5 Nxd5 7. d4 c5 8.
dxc5 Na6 9. Ng5 e6 10. Ne4 Qc7 11. Nbc3 Nxc3 12. Nxc3 Nxc5 13. Be3 Rd8 14. Qc2
Na6 15. Rac1 Bd7 16. Qb3 Bc6 17. Nb5 Qe5 18. Bxc6 bxc6 19. Rxc6 Rdb8 20. a4 Qe4
21. Rxa6 Qb7 22. Rd6 Bf8 23. Rd3 a6 24. Nd4 1-0

[Event "2. Torneo Campus Ourense 2015"]
[Site "Ourense ESP"]
[Date "2015.07.07"]
[Round "3.8"]
[White "Portela Peleteiro, Alberto"]
[Black "Pazos Porta, Antonio"]
[Result "0-1"]
[WhiteElo "2105"]
[BlackElo "2332"]
[PlyCount "142"]
[EventDate "2015.07.06"]
[EventType "swiss"]
[EventRounds "9"]
[EventCountry "ESP"]
[SourceTitle "Ajedrez en Madrid"]
[Source "lmi"]
[SourceDate "2015.07.06"]
[SourceVersion "1"]
[SourceVersionDate "2019.06.14"]
[SourceQuality "1"]

1. e4 e6 2. d4 c5 3. Nf3 cxd4 4. Nxd4 a6 5. Nc3 Qc7 6. Be2 Nf6 7. O-O Nc6 8.
Be3 Bb4 9. Na4 Be7 10. Nxc6 bxc6 11. Nb6 Rb8 12. Nxc8 Rxc8 13. Bxa6 Rb8 14. Bd3
Rxb2 15. Bd4 Rb8 16. Qe2 e5 17. Bc3 Bb4 18. Qd2 Bxc3 19. Qxc3 O-O 20. a4 d6 21.
a5 Nd7 22. a6 Rb6 23. Rfb1 Nc5 24. Rxb6 Qxb6 25. Qa5 Qxa5 26. Rxa5 Ra8 27. f4
f6 28. fxe5 fxe5 29. Kf2 Kf7 30. Ke3 Ke6 31. Bc4+ Kd7 32. Ra1 Kc7 33. Rf1 Kb6
34. Rd1 Rd8 35. Rb1+ Kc7 36. Rf1 d5 37. Rf7+ Kb6 38. exd5 cxd5 39. Bxd5 Rxd5
40. a7 Rd8 41. Rxg7 h6 42. Rh7 Ra8 43. Rxh6+ Kc7 44. Rh7+ Nd7 45. g4 Rxa7 46.
g5 Kd6 47. g6 Ke6 48. h4 Ra3+ 49. Kf2 Nf6 50. Rc7 Ra4 51. c4 Ra2+ 52. Ke3 Rg2
53. g7 Nh5 54. c5 Nxg7 55. Kf3 Rg1 56. Kf2 Rg4 57. c6 Nf5 58. h5 Ne7 59. h6 Rh4
60. Rb7 Nxc6 61. Rh7 Ne7 62. Rh8 Ng6 63. Rh7 Kf6 64. Kg3 Kg5 65. Kf3 Rxh6 66.
Rf7 Rh4 67. Ke3 Ra4 68. Rb7 Kf6 69. Kf3 Nh4+ 70. Ke3 Nf5+ 71. Kf3 Kg5 0-1

[Event "2. Torneo Campus Ourense 2015"]
[Site "Ourense ESP"]
[Date "2015.07.07"]
[Round "3.9"]
[White "Guerra Bastida, Diego"]
[Black "Conde Riveiro, Xacobe"]
[Result "1-0"]
[WhiteElo "2319"]
[BlackElo "1316"]
[PlyCount "49"]
[EventDate "2015.07.06"]
[EventType "swiss"]
[EventRounds "9"]
[EventCountry "ESP"]
[SourceTitle "Ajedrez en Madrid"]
[Source "lmi"]
[SourceDate "2015.07.06"]
[SourceVersion "1"]
[SourceVersionDate "2019.06.14"]
[SourceQuality "1"]

1. Nf3 d5 2. g3 f6 3. d4 Nc6 4. c4 e5 5. cxd5 Qxd5 6. Nc3 Bb4 7. a3 Bxc3+ 8.
bxc3 e4 9. Nd2 e3 10. Nf3 exf2+ 11. Kxf2 Bg4 12. Bg2 Qf5 13. e4 Qe6 14. d5 Qd6
15. dxc6 Qxc6 16. Be3 Rd8 17. Qb3 Qxe4 18. Rhe1 Qf5 19. Bf4+ Kf8 20. Nd4 Qc5
21. Qb4 Qxb4 22. axb4 Kf7 23. Rxa7 g5 24. Bxc7 Rc8 25. Rxb7 1-0

[Event "2. Torneo Campus Ourense 2015"]
[Site "Ourense ESP"]
[Date "2015.07.07"]
[Round "3.10"]
[White "de Sousa da Silva, Armando"]
[Black "Perez Mauricio, Xoel"]
[Result "1-0"]
[WhiteElo "1952"]
[BlackElo "2201"]
[PlyCount "75"]
[EventDate "2015.07.06"]
[EventType "swiss"]
[EventRounds "9"]
[EventCountry "ESP"]
[SourceTitle "Ajedrez en Madrid"]
[Source "lmi"]
[SourceDate "2015.07.06"]
[SourceVersion "1"]
[SourceVersionDate "2019.06.14"]
[SourceQuality "1"]

1. c4 g6 2. g3 Bg7 3. Bg2 Nf6 4. d4 O-O 5. Nf3 d6 6. O-O c6 7. Nc3 Qa5 8. e4 e5
9. dxe5 dxe5 10. Qe2 Qc7 11. Be3 Ng4 12. Bc5 Re8 13. h3 Na6 14. Ba3 Nf6 15.
Rfd1 Bf8 16. Bxf8 Kxf8 17. Rd2 Kg7 18. Rad1 h6 19. Bf1 Be6 20. Rd6 Nd7 21. Qd2
Re7 22. a3 Nb6 23. b3 Bd5 24. Rxd5 cxd5 25. Nxd5 Nxd5 26. exd5 Qd6 27. b4 b6
28. c5 Nxc5 29. bxc5 bxc5 30. Qc3 Kh7 31. Bc4 e4 32. Ne1 f5 33. Ng2 g5 34. Ne3
Rf8 35. Bb3 f4 36. Nc4 Qd7 37. d6 fxg3 38. dxe7 1-0

[Event "2. Torneo Campus Ourense 2015"]
[Site "Ourense ESP"]
[Date "2015.07.08"]
[Round "4.1"]
[White "Santos Latasa, Jaime"]
[Black "Fernandez Borrego, Pablo"]
[Result "1-0"]
[WhiteElo "2511"]
[BlackElo "2378"]
[PlyCount "99"]
[EventDate "2015.07.06"]
[EventType "swiss"]
[EventRounds "9"]
[EventCountry "ESP"]
[SourceTitle "Ajedrez en Madrid"]
[Source "lmi"]
[SourceDate "2015.07.06"]
[SourceVersion "1"]
[SourceVersionDate "2019.06.14"]
[SourceQuality "1"]

1. Nf3 Nf6 2. g3 d5 3. Bg2 Bf5 4. O-O e6 5. d3 h6 6. c4 c6 7. Be3 dxc4 8. dxc4
Qxd1 9. Rxd1 Nbd7 10. Nc3 e5 11. Rac1 Ng4 12. Bd2 Bc5 13. Be1 a5 14. Nh4 Be6
15. Ne4 Ngf6 16. Nxc5 Nxc5 17. b3 Nfe4 18. Nf3 f6 19. Nd2 Ng5 20. Nb1 Bh3 21.
Bh1 Nge6 22. Nc3 Ke7 23. Ne4 Nxe4 24. Bxe4 Nd4 25. Rd2 f5 26. Bb1 Rhd8 27. f3
c5 28. Kf2 f4 29. Be4 a4 30. Rb2 axb3 31. axb3 Bf5 32. Bxf5 Nxf5 33. b4 b6 34.
bxc5 bxc5 35. Rb7+ Rd7 36. Rxd7+ Kxd7 37. Rd1+ Nd6 38. gxf4 exf4 39. Bc3 Kc6
40. Bxg7 Nxc4 41. Bxh6 Ne3 42. Rc1 Nd5 43. Bg7 Kb5 44. h4 Ne7 45. h5 Nf5 46.
Be5 c4 47. Bxf4 Rh8 48. e4 Ng7 49. Rb1+ Ka4 50. Be5 1-0

[Event "2. Torneo Campus Ourense 2015"]
[Site "Ourense ESP"]
[Date "2015.07.08"]
[Round "4.2"]
[White "Lariño Nieto, David"]
[Black "Del Rio De Angelis, Salvador G"]
[Result "1/2-1/2"]
[WhiteElo "2451"]
[BlackElo "2494"]
[PlyCount "133"]
[EventDate "2015.07.06"]
[EventType "swiss"]
[EventRounds "9"]
[EventCountry "ESP"]
[SourceTitle "Ajedrez en Madrid"]
[Source "lmi"]
[SourceDate "2015.07.06"]
[SourceVersion "1"]
[SourceVersionDate "2019.06.14"]
[SourceQuality "1"]

1. Nf3 d5 2. b3 Bf5 3. Bb2 e6 4. g3 h6 5. Bg2 Nf6 6. O-O Be7 7. c4 O-O 8. d3 c6
9. Nbd2 Na6 10. cxd5 exd5 11. Re1 Bh7 12. a3 Re8 13. b4 Nc7 14. Nb3 Ne6 15.
Nfd2 Qb6 16. e4 Red8 17. e5 Nd7 18. d4 Ndf8 19. Bc3 Qc7 20. f4 a5 21. Nxa5 c5
22. Nab3 cxb4 23. Bxb4 Bxb4 24. axb4 Qc3 25. Rxa8 Rxa8 26. Qf3 Qxb4 27. Qxd5
Rd8 28. Qxb7 Rxd4 29. Qxb4 Rxb4 30. Rc1 g5 31. fxg5 hxg5 32. Nc5 Rb5 33. Ndb3
Bf5 34. Bc6 Nxc5 35. Nxc5 Ra5 36. Bd5 Nd7 37. Nxd7 Bxd7 38. Rd1 Be6 39. Bxe6
fxe6 40. Re1 Ra2 41. h3 Kg7 42. Re3 Rb2 43. Kf1 Ra2 44. Re2 Ra5 45. Kg2 Kg6 46.
g4 Kg7 47. Re3 Ra4 48. Kf3 Rb4 49. Kg3 Ra4 50. h4 gxh4+ 51. Kxh4 Ra5 52. Kh5
Rb5 53. Re4 Ra5 54. Re1 Rb5 55. g5 Rb2 56. Ra1 Rh2+ 57. Kg4 Rg2+ 58. Kf4 Rf2+
59. Ke4 Re2+ 60. Kd4 Rd2+ 61. Ke3 Rg2 62. Ra6 Rxg5 63. Rxe6 Kf7 64. Rf6+ Ke7
65. Ke4 Rg1 66. Rf3 Ke6 67. Ke3 1/2-1/2

[Event "2. Torneo Campus Ourense 2015"]
[Site "Ourense ESP"]
[Date "2015.07.08"]
[Round "4.3"]
[White "Iwanow, Anna"]
[Black "Paunovic, Dragan"]
[Result "1-0"]
[WhiteElo "2206"]
[BlackElo "2451"]
[PlyCount "87"]
[EventDate "2015.07.06"]
[EventType "swiss"]
[EventRounds "9"]
[EventCountry "ESP"]
[SourceTitle "Ajedrez en Madrid"]
[Source "lmi"]
[SourceDate "2015.07.06"]
[SourceVersion "1"]
[SourceVersionDate "2019.06.14"]
[SourceQuality "1"]

1. e4 c5 2. Nf3 e6 3. d4 cxd4 4. Nxd4 a6 5. c4 Nf6 6. Nc3 Qc7 7. a3 b6 8. Be2
Bb7 9. f3 Be7 10. Be3 d6 11. O-O Nbd7 12. Rc1 Rc8 13. Qd2 Qb8 14. b4 Bd8 15.
Kh1 Bc7 16. Rfd1 O-O 17. Nb3 d5 18. exd5 exd5 19. Nxd5 Nxd5 20. cxd5 Bxh2 21.
Nd4 Rxc1 22. Rxc1 Be5 23. Nc6 Qd6 24. f4 Qh6+ 25. Kg1 Bd6 26. Bf3 Qh4 27. Qf2
Qf6 28. g3 Qg6 29. Kh2 Qd3 30. Rd1 Qxa3 31. Bc1 Qb3 32. Bb2 Re8 33. Bg4 Nf6 34.
Bxf6 gxf6 35. Qxb6 Bc8 36. Bh5 Qc2+ 37. Kg1 Qc3 38. Kh2 Bxf4 39. Qf2 Bd6 40.
Nd4 Re3 41. Qxf6 Bxg3+ 42. Kh1 Re1+ 43. Rxe1 Qxe1+ 44. Kg2 1-0

[Event "2. Torneo Campus Ourense 2015"]
[Site "Ourense ESP"]
[Date "2015.07.08"]
[Round "4.4"]
[White "Almagro Llamas, Pablo"]
[Black "de Sousa da Silva, Armando"]
[Result "1-0"]
[WhiteElo "2445"]
[BlackElo "1952"]
[PlyCount "93"]
[EventDate "2015.07.06"]
[EventType "swiss"]
[EventRounds "9"]
[EventCountry "ESP"]
[SourceTitle "Ajedrez en Madrid"]
[Source "lmi"]
[SourceDate "2015.07.06"]
[SourceVersion "1"]
[SourceVersionDate "2019.06.14"]
[SourceQuality "1"]

1. d4 Nf6 2. Nf3 d5 3. c4 c6 4. e3 Bf5 5. Nc3 dxc4 6. Bxc4 e6 7. O-O Be7 8. Qe2
O-O 9. e4 Bg6 10. Rd1 b5 11. Bd3 b4 12. Na4 Qa5 13. b3 Nbd7 14. Bb2 c5 15. Ne5
Nb8 16. Nc4 Qc7 17. d5 exd5 18. exd5 Bd8 19. Bxg6 hxg6 20. Be5 Qc8 21. Rac1
Nbd7 22. Nd6 Qb8 23. Nxf7 Re8 24. Bxb8 Rxe2 25. Nxd8 Rxb8 26. Ne6 Re8 27. Naxc5
Nxc5 28. Nxc5 Nxd5 29. Kf1 Nc3 30. Re1 Rxe1+ 31. Rxe1 Rc8 32. Re5 Nxa2 33. Ke2
Rd8 34. Nd3 Rd5 35. Rxd5 Nc3+ 36. Ke3 Nxd5+ 37. Kd4 Ne7 38. Nxb4 Kf8 39. Kc5
Ke8 40. Nc6 Nxc6 41. Kxc6 Kd8 42. Kb7 a5 43. Ka6 Kc7 44. Kxa5 Kb7 45. Kb5 g5
46. Kc5 Kc7 47. Kd5 1-0

[Event "2. Torneo Campus Ourense 2015"]
[Site "Ourense ESP"]
[Date "2015.07.08"]
[Round "4.5"]
[White "Pazos Porta, Antonio"]
[Black "Rey Malde, Henrique"]
[Result "1/2-1/2"]
[WhiteElo "2332"]
[BlackElo "2055"]
[PlyCount "105"]
[EventDate "2015.07.06"]
[EventType "swiss"]
[EventRounds "9"]
[EventCountry "ESP"]
[SourceTitle "Ajedrez en Madrid"]
[Source "lmi"]
[SourceDate "2015.07.06"]
[SourceVersion "1"]
[SourceVersionDate "2019.06.14"]
[SourceQuality "1"]

1. d4 Nf6 2. g3 c5 3. c3 d5 4. Bg2 Nc6 5. Nf3 e6 6. O-O Bd6 7. a3 O-O 8. Bf4 b6
9. b4 Qc7 10. Bxd6 Qxd6 11. Nbd2 cxd4 12. cxd4 Bd7 13. Qb1 Rfc8 14. Rc1 Ne7 15.
Qb3 a5 16. Ne5 a4 17. Qd3 h6 18. e3 Nc6 19. f4 Na7 20. Nxd7 Qxd7 21. Bf1 Rxc1
22. Rxc1 Rc8 23. Rc2 Ne8 24. Be2 Nd6 25. Bd1 Qb5 26. Rxc8+ Naxc8 27. Qxb5 Nxb5
28. Nb1 Nbd6 29. Bxa4 b5 30. Bb3 Nb6 31. Nc3 Kf8 32. a4 bxa4 33. Nxa4 Nbc4 34.
Bxc4 Nxc4 35. Kf2 Ke7 36. Ke2 Kd6 37. Nc3 Kc6 38. g4 Nd6 39. Kd3 f6 40. h4 h5
41. gxh5 Nf5 42. e4 dxe4+ 43. Kxe4 Ng3+ 44. Kf3 Nf5 45. Kg4 Nxd4 46. h6 gxh6
47. Kh5 Nf5 48. Ne4 e5 49. Nxf6 exf4 50. Kg4 Nxh4 51. Kxh4 Kb5 52. Nd5 Kc4 53.
Nxf4 1/2-1/2

[Event "2. Torneo Campus Ourense 2015"]
[Site "Ourense ESP"]
[Date "2015.07.08"]
[Round "4.6"]
[White "Baltar Iglesias, David"]
[Black "Guerra Bastida, Diego"]
[Result "0-1"]
[WhiteElo "2166"]
[BlackElo "2319"]
[PlyCount "84"]
[EventDate "2015.07.06"]
[EventType "swiss"]
[EventRounds "9"]
[EventCountry "ESP"]
[SourceTitle "Ajedrez en Madrid"]
[Source "lmi"]
[SourceDate "2015.07.06"]
[SourceVersion "1"]
[SourceVersionDate "2019.06.14"]
[SourceQuality "1"]

1. d4 Nf6 2. c4 e6 3. Nc3 Bb4 4. e3 O-O 5. Bd3 d5 6. Nf3 c5 7. O-O Nc6 8. a3
Bxc3 9. bxc3 Qc7 10. Bb2 b6 11. Rc1 dxc4 12. Bxc4 e5 13. e4 Bg4 14. h3 Bh5 15.
Re1 Rad8 16. d5 Na5 17. Bd3 c4 18. Bc2 Bxf3 19. Qxf3 Nd7 20. Rcd1 Nc5 21. Qg3
Nab3 22. Bxb3 Nxb3 23. Bc1 f6 24. Be3 Kh8 25. f4 Nc5 26. fxe5 fxe5 27. Bxc5
Qxc5+ 28. Kh2 Rf4 29. a4 Qd6 30. Qe3 Rdf8 31. a5 Qg6 32. axb6 axb6 33. d6 Rf2
34. Qg3 Qxg3+ 35. Kxg3 Rc2 36. Re3 Rd8 37. Rd5 Kg8 38. Rf3 h6 39. h4 Re2 40.
Rxe5 Rxd6 41. h5 Rdd2 42. Re8+ Kh7 0-1

[Event "2. Torneo Campus Ourense 2015"]
[Site "Ourense ESP"]
[Date "2015.07.08"]
[Round "4.7"]
[White "Lorenzo Duran, Marcos"]
[Black "Hoffman, Alejandro"]
[Result "0-1"]
[WhiteElo "2170"]
[BlackElo "2456"]
[PlyCount "102"]
[EventDate "2015.07.06"]
[EventType "swiss"]
[EventRounds "9"]
[EventCountry "ESP"]
[SourceTitle "Ajedrez en Madrid"]
[Source "lmi"]
[SourceDate "2015.07.06"]
[SourceVersion "1"]
[SourceVersionDate "2019.06.14"]
[SourceQuality "1"]

1. d4 Nf6 2. c4 g6 3. Nc3 Bg7 4. e4 d6 5. Nf3 O-O 6. Be2 c5 7. O-O Nc6 8. d5
Na5 9. Bg5 h6 10. Bd2 e5 11. a3 b6 12. b4 Nb7 13. Ne1 Nd7 14. Qc1 Kh7 15. Bd3
Qe7 16. g3 Nf6 17. Ng2 Bh3 18. Qc2 Kg8 19. Rae1 Nd7 20. Qc1 h5 21. Bg5 f6 22.
Bh6 cxb4 23. axb4 a5 24. Bxg7 Kxg7 25. bxa5 Nxa5 26. Nb5 Rfc8 27. Qc3 Nc5 28.
Bc2 Ncb7 29. Bd3 h4 30. Rb1 Nc5 31. Bc2 Rh8 32. f4 hxg3 33. hxg3 Rh6 34. fxe5
fxe5 35. Rf2 Bxg2 36. Kxg2 Rah8 37. Rbf1 Rh2+ 38. Kf3 Qg5 39. Ke2 Qg4+ 40. Qf3
Qxf3+ 41. Kxf3 Nxc4 42. Ke2 Rxf2+ 43. Rxf2 Ra8 44. Kf3 Ra5 45. Nc7 Ra3+ 46. Kg4
Ne3+ 47. Kg5 Nxc2 48. Ne8+ Kg8 49. Nf6+ Kf7 50. g4 Nd4 51. Nh5+ Nf3+ 0-1

[Event "2. Torneo Campus Ourense 2015"]
[Site "Ourense ESP"]
[Date "2015.07.08"]
[Round "4.8"]
[White "Kantans, Toms"]
[Black "Dominguez Fernandez, Angel I"]
[Result "1-0"]
[WhiteElo "2458"]
[BlackElo "1988"]
[PlyCount "49"]
[EventDate "2015.07.06"]
[EventType "swiss"]
[EventRounds "9"]
[EventCountry "ESP"]
[SourceTitle "Ajedrez en Madrid"]
[Source "lmi"]
[SourceDate "2015.07.06"]
[SourceVersion "1"]
[SourceVersionDate "2019.06.14"]
[SourceQuality "1"]

1. e4 e6 2. d4 d5 3. Nd2 Nc6 4. Ngf3 Nf6 5. e5 Nd7 6. c4 Be7 7. Bd3 Nb4 8. Bb1
c5 9. a3 Nc6 10. cxd5 exd5 11. O-O O-O 12. Re1 Qb6 13. Nf1 Rd8 14. Ne3 Nf8 15.
dxc5 Bxc5 16. b4 Bxe3 17. Bxe3 Qc7 18. Bc5 Be6 19. Qc2 g6 20. Bxf8 Rxf8 21. b5
Qa5 22. bxc6 bxc6 23. Qc1 Rab8 24. Bd3 Rb3 25. Qh6 1-0